Statistics for Counties of Norway (with map)

Click here to take the quiz!

General Stats

  • This quiz has been taken 7,201 times
    (6,008 since last reset)
  • The average score is 7 of 11

Answers on the Map

Answers color-coded by a green-red scale on the quiz's map according to % correct below.
 

Answer Stats

Counties% Correct
Oslo
94%
Troms og Finnmark
83%
Nordland
69%
Vestland
67%
Trøndelag
65%
Viken
65%
Vestfold og Telemark
61%
Agder
58%
Møre og Romsdal
58%
Innlandet
57%
Rogaland
56%

Score Distribution

Percentile by Number Answered

Percent of People with Each Score

Your Score History

You have not taken this quiz since the last reset